[Event "3rd GRENKE Chess Open 2018"]
[Site "Karlsruhe"]
[Date "2018.03.31"]
[Round "4"]
[White "Noe, Christopher"]
[Black "Van Wely, Loek"]
[Result "1/2-1/2"]
[WhiteElo "2494"]
[BlackElo "2667"]
[Annotator "TA"]
[PlyCount "80"]
[EventDate "2018.??.??"]
[EventType "swiss"]
[EventCountry "GER"]
[SourceTitle "playchess.com"]
[Source "ChessBase"]
[SourceQuality "1"]

{[%evp 22,80,37,33,21,23,33,22,43,50,46,40,37,60,117,113,104,93,203,233,197,117,125,123,122,67,70,42,60,47,50,30,36,0,0,0,16,15,17,9,244,231,235,229,231,182,185,178,160,0,0,0,0,0,0,0,8,8,8,8,3]} 1. d4 {[%cal Bd2d4,Bd4d5][%mdl 32]} Nf6 2. c4 g6 3. f3 c5 4. d5 Bg7 5. Nc3 d6 6. e4 O-O 7. Nge2 {[%cal Bg1e2,Be2g3,Bg3h1,Bh1f2][%mdl 32]} e6 8. Ng3 exd5 9. cxd5 h5 10. Be2 {A65: Modern Benoni: 6 e4} Nbd7 (10... a6 11. a4 Nh7 12. Be3 h4 13. Nf1 f5 14. exf5 gxf5 15. Nd2 Nd7 16. f4 h3 17. O-O hxg2 {1-0 (32) Wojtaszek,R (2744)-Erdos,V (2585) Novi Sad 2016}) 11. O-O Nh7 12. Be3 {LiveBook: 3 Games. White is slightly better.} Re8 13. Nh1 $146 ({Predecessor:} 13. Re1 a6 14. a4 Nhf6 15. Nf1 {1-0 (77) Gouw,C (2570)-Acevedo Villalba,A (2551) ICCF email 2007}) 13... f5 14. Nf2 g5 15. f4 g4 16. e5 dxe5 17. d6 Nhf8 (17... exf4 $14 18. Bxf4 Nb6) 18. Bc4+ $1 $16 Kh8 19. Bf7 ({Inferior is} 19. Qd5 Ne6 $15) 19... exf4 (19... Rb8 $16 {was called for.}) 20. Bxf4 $18 Ne6 21. Bxe8 (21. Re1 $18 Nf6 22. Bxe8 Nxf4 23. Qa4 Qxd6 24. Rad1) 21... Nxf4 $16 22. Re1 $1 {And now Nd5 would win.} Ne5 {[#]} 23. d7 ({White should play} 23. Rxe5 $1 $16 Bxe5 24. d7) 23... Bxd7 $14 24. Bxd7 Qxd7 25. Qxd7 Nxd7 26. Re7 Ne5 27. Rxb7 h4 28. Rd1 {Hoping for Nd5.} g3 29. hxg3 hxg3 30. Nh3 Nfd3 $2 {[#]} (30... Nxh3+ $11 31. gxh3 f4) 31. Ne2 $1 $18 c4 32. Nxg3 Rf8 33. Rf1 f4 34. Nh5 Bh6 35. N3xf4 $2 ({Resist} 35. Rxa7 $6 f3 $14) (35. Rc7 $16) 35... Nxf4 $11 {The position is equal.} 36. Nxf4 Bxf4 37. g3 Be3+ 38. Kg2 {[%cal Rf1f8]} Rxf1 39. Kxf1 Bb6 40. Ke2 Kg8 {Precision: White = 72%, Black = 45%.} 1/2-1/2

[Event "3rd GRENKE Chess Open 2018"]
[Site "Karlsruhe"]
[Date "2018.03.31"]
[Round "4"]
[White "Bellahcene, Bilel"]
[Black "Barath M"]
[Result "1-0"]
[WhiteElo "2488"]
[BlackElo "2309"]
[Annotator "TA"]
[PlyCount "93"]
[EventDate "2018.??.??"]
[EventType "swiss"]
[EventCountry "GER"]
[SourceTitle "playchess.com"]
[Source "ChessBase"]
[SourceQuality "1"]

{[%evp 25,93,-22,0,-18,0,0,159,172,164,154,150,0,0,-6,0,0,0,0,0,0,0,0,5,2,9,9,10,0,1,20,177,164,147,71,66,74,77,65,66,54,51,62,621,612,606,563,545,363,417,393,595,587,576,570,561,518,654,481,552,513,544,547,1067,1020,1020,1024,29989,29990,29990,29991]} 1. e4 c5 2. Nf3 d6 3. d4 cxd4 4. Nxd4 Nf6 5. Nc3 a6 6. Bg5 e6 7. Qf3 Nbd7 8. O-O-O Qc7 9. Qg3 Be7 10. Be2 {B95: Sicilian Najdorf: 6 Bg5 e6, unusual White 7th moves} (10. Bd3 b6 11. Rhe1 Bb7 12. f4 h6 13. Bh4 g5 14. fxg5 Nh5 15. Qe3 Qc5 16. Nf3 Qxe3+ 17. Rxe3 Nf4 {½-½ (47) Dvirnyy,D (2560)-Bogner,S (2593) Havana 2014}) 10... b5 11. Bxb5 axb5 12. Ndxb5 Qb8 13. Nxd6+ Bxd6 {LiveBook: 15 Games} 14. Rxd6 O-O {And now ...Nh5 would win.} 15. Rhd1 Nxe4 $146 ({Black should play} 15... Qb7 $11) ({Predecessor:} 15... Qb7 16. Rxd7 Nxd7 17. Rxd7 Qxd7 18. Bf6 g6 19. Qg5 Rd8 20. Nd5 Rxa2 21. Qh6 Ra1+ 22. Kd2 Qxd5+ 23. exd5 Rxd5+ 24. Kc3 {1-0 (23) Alvarez Calzadilla,J (2259)-Duarte Napoles,F (2274) Sancti Spiritus 2018}) 16. Nxe4 $16 Rxa2 17. b3 $1 Qb4 {[#]} 18. Nc3 $2 (18. Nf6+ $1 $16 {[%mdl 512]} Kh8 (18... gxf6 19. Bxf6+) 19. Nxd7 Bxd7 20. Rxd7 Ra1+ 21. Kb2 Qa3+ 22. Kc3 Qa5+ 23. b4 Rc8+ 24. Kd2 Qxb4+ 25. Ke2 Rxd1 26. Rxd1) 18... Ra1+ $1 $11 19. Nb1 $132 {[%mdl 2048] White is not keeping still} Qa3+ 20. Kd2 Qb4+ $1 21. Ke2 {[%cal Bd2e2,Be2f1,Bf1g1][%mdl 32]} (21. Nc3 Nc5 $17) 21... Qe4+ 22. Kf1 Qxc2 23. Qc3 Qa2 24. R6d2 Qa6+ 25. Kg1 h6 26. Be3 {Black must now prevent Bd4.} Nf6 {Threatens to win with ...Ne4.} 27. Bxh6 Ra5 $2 (27... e5 $11 28. Qg3 Ng4) 28. Rd6 Qb5 {[#]} 29. Rd8 (29. b4 $142 $1 {[%cal Rb4a5]} Ra8 30. Qg3) 29... Rxd8 $16 30. Rxd8+ Kh7 {...Ba6 is the strong threat.} 31. Bd2 (31. Qxc8 Kxh6 32. Qc2 g5 $14) 31... Ba6 $1 {[%csl Ga6][%cal Rb5f1]} 32. Qc2+ ({Don't play} 32. Qh3+ Nh5 $15) 32... g6 {[%csl Ga6][%cal Rb5f1]} 33. Qd1 $1 Ng4 $2 {[%mdl 8192]} (33... Ra2 $14) 34. Bc3 $18 {[%csl Gc3][%cal Rd8h8]} e5 35. Bxa5 Qxa5 36. Rd2 Qb4 37. Ra2 Qf4 (37... Bc8 {was worth a try.} 38. h3 Nf6) 38. g3 ({Not} 38. Rxa6 $2 Qxf2+ 39. Kh1 Qf4 $19) 38... Qh6 {[%csl Gg4][%cal Rh6h2]} 39. h4 Bc8 40. Nc3 Bf5 41. Qd2 Qf8 42. Ra7 Be6 43. Ne4 Qb8 44. Ng5+ Kg8 45. Qa5 Qxb3 46. Qd8+ Kg7 47. Nxe6+ {Precision: White = 68%, Black = 40%.} 1-0

[Event "3rd GRENKE Chess Open 2018"]
[Site "Karlsruhe"]
[Date "2018.03.31"]
[Round "4"]
[White "Fedorovsky, Michael"]
[Black "Gschnitzer, Adrian"]
[Result "1/2-1/2"]
[WhiteElo "2471"]
[BlackElo "2307"]
[Annotator "TA"]
[PlyCount "63"]
[EventDate "2018.??.??"]
[EventType "swiss"]
[EventCountry "GER"]
[SourceTitle "playchess.com"]
[Source "ChessBase"]
[SourceQuality "1"]

{[%evp 19,63,17,25,20,23,30,27,10,10,9,14,4,8,6,8,22,9,7,7,3,21,0,0,0,0,0,0,0,0,0,0,0,0,0,0,-6,0,0,0,0,0,0,0,0,0,-6]} 1. d4 Nf6 2. c4 c5 3. d5 b5 4. cxb5 a6 5. bxa6 g6 6. Nc3 {A58: Benko/Volga Gambit: Lines with 5 bxa6} Bg7 7. e4 O-O 8. Be2 (8. e5 Ne8 9. Nf3 d6 10. exd6 Nxd6 11. Be2 Nxa6 12. O-O Bb7 13. Bf4 Nb4 {½-½ (34) Akobian,V (2640)-Shankland,S (2668) Saint Louis 2018}) 8... Qa5 9. Bd2 Bxa6 10. e5 Ne8 $1 {LiveBook: 13 Games} 11. Nf3 Bxe2 12. Qxe2 {0-0 is the strong threat.} Qa6 13. O-O $146 ({Predecessor:} 13. Qe3 Qb6 {1-0 (29) Xiang,Z (2347)-Dietz,F (1922) Bad Zwesten 2017}) 13... Qxe2 {The position is equal.} 14. Nxe2 d6 15. Bc3 Nd7 {[%cal Rd6e5]} 16. exd6 Nxd6 17. Bxg7 Kxg7 18. Nc3 Rfb8 19. b3 Ra3 20. Rae1 Kf8 21. Re2 c4 22. Nd4 cxb3 23. axb3 Nf5 24. Ncb5 Nxd4 25. Nxd4 Nf6 26. d6 exd6 27. f3 Rc8 28. Rb1 Nd5 29. Rd2 Nc3 30. Rc1 {[#] And now Rdc2 would win.} Rc5 31. Rdc2 Rd5 32. Rxc3 {Precision: White = 76%, Black = 77%.} 1/2-1/2

[Event "3rd GRENKE Chess Open 2018"]
[Site "Karlsruhe"]
[Date "2018.03.31"]
[Round "4"]
[White "Pavlovic, Milos"]
[Black "Gordievsky, Dmitry"]
[Result "1/2-1/2"]
[WhiteElo "2466"]
[BlackElo "2630"]
[Annotator "TA"]
[PlyCount "35"]
[EventDate "2018.??.??"]
[EventType "swiss"]
[EventCountry "GER"]
[SourceTitle "playchess.com"]
[Source "ChessBase"]
[SourceQuality "1"]

{[%evp 17,35,53,53,36,49,16,33,0,0,0,0,0,0,0,0,0,0,0,0,0]} 1. Nf3 Nf6 2. c4 g6 3. Nc3 Bg7 4. d4 O-O 5. e4 d6 6. Be2 Na6 7. O-O e5 8. Be3 c6 9. Re1 Re8 {LiveBook: 5 Games. E94: King's Indian: Classical: 6 Be2 e5 7 0-0: Various Black 7th moves} 10. d5 Ng4 11. Bg5 $146 ({Predecessor:} 11. Bc1 f5 12. exf5 gxf5 13. Ng5 Nf6 14. c5 h6 15. Bxa6 bxa6 16. dxc6 d5 17. c7 {½-½ (27) Gelfand,B (2747)-Ding,L (2755) Tsaghkadzor 2015}) 11... Qb6 12. Rf1 Qxb2 {The position is equal.} 13. Na4 Qb4 14. Bd2 Qa3 15. Bc1 Qb4 16. Bd2 Qa3 17. Bc1 Qb4 18. Bd2 1/2-1/2

[Event "3rd GRENKE Chess Open 2018"]
[Site "Karlsruhe"]
[Date "2018.03.31"]
[Round "4"]
[White "Basso, Pier Luigi"]
[Black "Bilchinski, Anton"]
[Result "1/2-1/2"]
[WhiteElo "2459"]
[BlackElo "2292"]
[Annotator "TA"]
[PlyCount "44"]
[EventDate "2018.??.??"]
[EventType "swiss"]
[EventCountry "GER"]
[SourceTitle "playchess.com"]
[Source "ChessBase"]
[SourceQuality "1"]

{[%evp 24,44,37,41,37,47,33,25,77,15,18,19,32,35,31,27,37,12,14,0,0,0,0]} 1. d4 Nf6 2. c4 e6 3. Nf3 b6 4. g3 Ba6 5. b3 b5 6. cxb5 Bxb5 7. Bg2 d5 8. O-O Nbd7 9. Nc3 Ba6 {E15: Queen's Indian: 4 g3 sidelines, 4 g3 Ba6 and 4 g3 Bb7 early deviations} 10. Re1 (10. Ne5 Bd6 11. Bf4 O-O 12. Rc1 Bxe5 13. dxe5 Nh5 14. Na4 Nxf4 15. gxf4 Bb5 16. Nc5 Nxc5 17. Rxc5 {½-½ (43) Aronian,L (2807)-Carlsen,M (2823) Moscow 2011}) 10... Bb4 11. Bd2 O-O 12. a3 Be7 13. b4 {LiveBook: 6 Games} c6 14. Qc2 Bc4 15. Na4 $146 ({Predecessor:} 15. e4 dxe4 16. Nxe4 Bd5 17. Nc3 {1-0 (53) Shapiro,V (2349)-Gerbich,V (2449) ICCF email 2012}) 15... Rc8 (15... Ne4 $11 {remains equal.}) 16. e3 (16. Nc5 $16) 16... Ne4 $11 17. Rec1 Nxd2 18. Nxd2 Bb5 19. Nc3 Nb6 20. Bf1 Bd6 {The position is equal.} 21. e4 Bxf1 22. Rxf1 e5 1/2-1/2

[Event "3rd GRENKE Chess Open 2018"]
[Site "Karlsruhe"]
[Date "2018.03.31"]
[Round "4"]
[White "Lubbe, Nikolas"]
[Black "Morgunov, Marc"]
[Result "1-0"]
[WhiteElo "2453"]
[BlackElo "2290"]
[Annotator "TA"]
[PlyCount "107"]
[EventDate "2018.??.??"]
[EventType "swiss"]
[EventCountry "GER"]
[SourceTitle "playchess.com"]
[Source "ChessBase"]
[SourceQuality "1"]

{[%evp 16,107,9,-7,9,-16,-8,-16,-31,-17,-6,0,-6,9,7,6,17,21,23,-22,0,-47,-7,-4,0,0,0,0,0,-7,0,-23,0,-13,41,41,35,43,55,40,97,77,87,83,75,35,35,0,2,2,8,0,0,0,0,-7,6,0,56,58,65,53,69,65,73,69,146,146,146,146,146,138,962,914,888,535,524,503,461,291,291,268,269,270,278,269,627,611,622,601,733,673,5712,3429]} 1. d4 Nf6 2. Nf3 g6 3. b3 Bg7 4. Bb2 O-O 5. e3 b6 6. Be2 Bb7 7. O-O d6 8. c4 c5 {A48: 1 d4 Nf6 2 Nf3 g6: Torre, London and Colle Systems} (8... Nbd7 9. Qc2 c5 10. Rd1 cxd4 11. Nxd4 Rc8 12. Nc3 a6 13. Rac1 Rc7 14. Bf3 Qa8 15. Bxb7 Qxb7 16. Qe2 {0-1 (54) Nakamura,H (2781)-Liang,A (2572) chess.com INT 2018}) 9. Nbd2 {LiveBook: 17 Games} Nbd7 10. Qc2 cxd4 {The position is equal.} 11. exd4 Rc8 $146 ({Find the theoretical novelty and annotate with similar games:} 11... Qc7 12. Rfe1 Rfe8 13. Rad1 Rad8 14. d5 {0-1 (39) Bokou,H-Kantor,G (1732) Budapest 2009}) 12. Rfd1 d5 13. a4 dxc4 14. bxc4 Qc7 15. Qb3 Ne4 16. Nxe4 Bxe4 17. Qe3 Bxf3 18. gxf3 e5 19. d5 Nc5 20. a5 Rfe8 21. axb6 axb6 22. Rab1 Qd6 23. Ba3 f5 24. Qb3 Nxb3 (24... e4 $11) 25. Bxd6 $14 Nd4 26. Bf1 Nxf3+ 27. Kg2 e4 ({Better is} 27... Ng5 $14) 28. Rxb6 $16 Bf8 29. Bxf8 Kxf8 30. d6 Rc5 31. Be2 Ne5 32. Rb7 h6 33. Kg3 Nf7 34. Rb6 Rd8 35. Rd4 Rd7 36. Bd1 Ne5 (36... Ra5 $11) 37. Ba4 $1 $14 Rd8 38. Bb5 Nd3 39. d7 $36 {[%mdl 2048] aiming for Re6. White is pushing.} f4+ 40. Kg2 Ne1+ (40... f3+ $1 $14 41. Kf1 Kf7) 41. Kf1 $16 Nf3 {[#]} 42. Rd5 $1 {[%cal Rd5c5]} Rxd5 43. cxd5 {[%mdl 4096] Endgame KRB-KRN} Ra8 $2 {[%mdl 8192]} (43... Nd4 $16) 44. Ra6 $18 Rb8 45. Kg2 {Re6 is the strong threat.} Ng5 46. Rc6 Rd8 47. Rf6+ Ke7 48. Rxf4 ({Weaker is} 48. Rxg6 Kf7 $16) 48... Kd6 {[#]} 49. Bc6 $1 Ke5 50. Kg3 Rb8 $2 (50... e3 51. fxe3 Ne4+ 52. Kf3 Nf6) 51. h4 {White is clearly winning.} Nh7 {White should prevent ...Nf6.} 52. Rf7 Nf6 53. Re7+ Kd6 54. Re6+ {Precision: White = 51%, Black = 36%.} 1-0

[Event "3rd GRENKE Chess Open 2018"]
[Site "Karlsruhe"]
[Date "2018.03.31"]
[Round "4"]
[White "Carow, Johannes"]
[Black "Kozul, Zdenko"]
[Result "0-1"]
[WhiteElo "2437"]
[BlackElo "2617"]
[Annotator "TA"]
[PlyCount "82"]
[EventDate "2018.??.??"]
[EventType "swiss"]
[EventCountry "GER"]
[SourceTitle "playchess.com"]
[Source "ChessBase"]
[SourceQuality "1"]

{[%evp 16,82,57,61,81,81,81,79,75,64,80,69,84,68,64,54,68,0,0,-6,-6,-10,1,-25,0,0,0,-72,-90,-79,-75,-87,-89,-87,-98,-110,-102,-100,-97,-107,-104,-118,-43,-256,-227,-222,-220,-231,-196,-339,-344,-297,-264,-252,-178,-174,-165,-163,-158,-295,-282,-618,-615,-900,-895,-1429,-872,-768,-742]} 1. d4 Nf6 2. c4 g6 3. Nc3 Bg7 4. e4 d6 5. f3 O-O 6. Be3 e5 7. Nge2 {[%cal Bg1e2,Be2c1,Bc1d3][%mdl 32]} Nbd7 8. Qd2 a6 9. d5 {LiveBook: 15 Games} h5 {E85: King's Indian: Sämisch: 6...e5} (9... Nh5 10. g4 Nf4 11. Nxf4 exf4 12. Bxf4 h5 13. Be2 hxg4 14. fxg4 Qh4+ 15. Bg3 Qh3 16. O-O-O Ne5 17. g5 {0-1 (30) Novikov,S (2513)-Naiditsch,A (2687) Tallinn 2016}) 10. Nc1 Nh7 11. Nd3 f5 {White is better.} 12. O-O-O Ndf6 $146 ({Predecessor:} 12... Qe7 13. Kb1 Nhf6 14. Be2 b5 15. Nb4 bxc4 16. Nc6 Qf7 17. Bxc4 Nb6 18. Be2 Bd7 19. Qc2 Bxc6 20. dxc6 Nc4 {½-½ (20) Meinert,T (2140)-Smagacz,D (2246) Polanica Zdroj 1999}) 13. Kb1 fxe4 14. Nxe4 Nxe4 15. fxe4 Bf6 16. g3 (16. Be2 $14) 16... Bg5 $11 17. h4 Bxe3 18. Qxe3 Bg4 19. Be2 Bxe2 20. Qxe2 Qd7 21. Rdf1 (21. Rhg1 $11) 21... Rxf1+ $17 22. Rxf1 Qh3 23. Rf3 Rf8 24. Rxf8+ Kxf8 25. Qf3+ Kg7 26. c5 Nf6 27. cxd6 cxd6 28. a3 Qh2 (28... a5 $17 29. Ka2 Qc8) 29. Kc1 $2 ({White should play} 29. Nf2 $1 $15) 29... Qg1+ $1 $19 30. Kc2 Ng4 31. Kb3 Qd4 32. Kc2 (32. Qe2 {was necessary.}) 32... Qc4+ (32... Nf6 $2 33. Nf2 $17) 33. Kd2 a5 34. Qe2 Nf6 35. Nf2 {[#]} Qb3 $1 {[%cal Rb3b2]} 36. Nd3 Ng4 37. Qd1 {[#]} (37. Qe1 $17) 37... Qb6 $1 38. Qa4 $2 (38. Qe2) 38... Qe3+ {Black is clearly winning.} 39. Kc2 Qe2+ 40. Kc3 Nf6 41. Qxa5 Nxe4+ {Precision: White = 41%, Black = 88%.} 0-1

[Event "3rd GRENKE Chess Open 2018"]
[Site "Karlsruhe"]
[Date "2018.03.31"]
[Round "4"]
[White "Carlstedt, Jonathan"]
[Black "Buhmann, Rainer"]
[Result "1/2-1/2"]
[WhiteElo "2432"]
[BlackElo "2588"]
[Annotator "TA"]
[PlyCount "62"]
[EventDate "2018.??.??"]
[EventType "swiss"]
[EventCountry "GER"]
[SourceTitle "playchess.com"]
[Source "ChessBase"]
[SourceQuality "1"]

{[%evp 12,62,0,-11,8,-10,-10,-32,0,-13,-12,-25,-22,-44,-29,-56,-23,-24,-25,-25,-33,-29,-15,-58,-18,-32,-11,-27,-5,-89,-94,-95,-79,-100,-85,-76,-59,-60,-59,-78,-67,-139,-70,-67,0,-5,-14,-33,-25,-39,31,25,24]} 1. d4 d5 2. Bf4 c5 3. e3 Nc6 4. c3 Nf6 5. Nd2 Bf5 6. Qb3 {D00: 1 d4 d5: Unusual lines} (6. Ngf3 e6 7. Be2 Bd6 8. dxc5 Bxc5 9. Nd4 Bg6 10. Qa4 O-O 11. Nxc6 bxc6 12. Qxc6 Rc8 13. Qa4 Re8 14. O-O e5 {0-1 (57) Le,Q (2737)-Ding,L (2777) Riadh 2017}) 6... Qd7 7. dxc5 {LiveBook: 16 Games} e6 8. Ngf3 $146 {The position is equal.} ({Find the theoretical novelty and annotate with similar games:} 8. Qa3 Be7 9. Ngf3 O-O 10. Bb5 Qc8 11. b4 Ne4 12. Bxc6 bxc6 13. Nxe4 Bxe4 {0-1 (39) Salvetti,A (2239)-Moroni,L (2430) Lugano 2015}) 8... Bxc5 9. Bb5 Bd6 10. Qa4 O-O 11. Rd1 Bxf4 12. exf4 Qc7 13. O-O Nd7 14. g3 $1 a6 15. Be2 b5 16. Qa3 Qb6 17. Nh4 Bc2 18. Rc1 Bg6 19. Rfd1 Rfd8 20. Bf3 {[#]} (20. Nxg6 $11 hxg6 21. Nb3) 20... Nc5 $1 $36 {[%cal Rc5d3][%mdl 2048] Strongly threatening ...Nd3. Keeping White busy.} 21. Be2 Bd3 22. b4 Ne4 23. Nxe4 dxe4 24. Qb2 e5 25. f5 Ne7 26. Qd2 (26. c4 $15) 26... Bc4 (26... Rac8 $17 27. Bh5 Nd5) 27. Qc2 e3 (27... Qc6 $15) 28. Bxc4 $11 bxc4 29. Qe4 exf2+ 30. Kf1 Qc6 ({Better is} 30... a5 $15 31. Qxe5 Nc6) 31. Qxc6 $14 Nxc6 {Precision: White = 31%, Black = 49%.} 1/2-1/2

[Event "3rd GRENKE Chess Open 2018"]
[Site "Karlsruhe"]
[Date "2018.03.31"]
[Round "4"]
[White "Burri, Quentin"]
[Black "Sadzikowski, Daniel"]
[Result "0-1"]
[WhiteElo "2410"]
[BlackElo "2583"]
[Annotator "TA"]
[PlyCount "96"]
[EventDate "2018.??.??"]
[EventType "swiss"]
[EventCountry "GER"]
[SourceTitle "playchess.com"]
[Source "ChessBase"]
[SourceQuality "1"]

{[%evp 18,96,8,8,21,0,8,0,7,4,13,13,13,4,22,0,0,0,0,0,0,0,0,0,7,-7,0,0,0,0,0,-31,-21,-18,-9,-42,-32,-55,-49,-187,-122,-122,-99,-100,0,0,0,0,0,0,0,0,8,7,0,-11,-12,-18,0,-9,-11,-12,-11,-19,0,0,0,0,0,-14,-14,-66,-66,-66,-66,-253,-261,-594,-564,-2491,-2207]} 1. e4 c6 2. d4 d5 3. e5 Bf5 4. h4 h5 5. Bd3 Bxd3 6. Qxd3 {B12: Caro-Kann: Advance Variation} Qa5+ 7. Bd2 (7. Nd2 e6 8. Ne2 Ne7 9. O-O Nf5 10. Nf3 Qa6 11. Qd1 Be7 12. g3 c5 {½-½ (67) Nakamura,H (2787)-Artemiev,V (2697) Moscow 2018}) 7... Qa6 8. e6 Qxd3 9. exf7+ Kxf7 10. cxd3 {LiveBook: 12 Games} Nd7 11. Nf3 e6 12. O-O $146 ({Find the theoretical novelty and annotate with similar games:} 12. Nc3 Nh6 {0-1 (48) Semenova,E (2235)-Burmakin,V (2508) Kazan 2017}) 12... Be7 13. Re1 Nh6 14. Bxh6 gxh6 15. Nbd2 Rhg8 16. Nf1 Bd6 17. Re3 Rg6 18. Rae1 Rag8 19. g3 a5 20. Kh2 a4 21. a3 Ra8 22. R3e2 Ra6 23. Ne3 Rb6 24. Ng2 Rb3 25. Rd1 Rg4 26. Ne3 Rg8 27. Kh3 Bc7 28. g4 (28. Rdd2 $15) 28... hxg4+ ({Better is} 28... Rf8 $19 29. g5 Kg6) 29. Nxg4 $17 Bf4 30. h5 b6 (30... Nf8 $17) 31. Nh4 $1 $11 {[%cal Rh4g6]} Rg5 32. Nxh6+ Ke7 33. N6f5+ $1 Kf6 34. Ng3 Bxg3 35. fxg3 {[#] Hoping for Rf1+.} Rxh5 36. Rde1 e5 37. Re3 c5 38. g4 {[%cal Bg3g4,Bg4g5,Bg5g6,Bg6g7][%mdl 32]} Rh7 $36 {[%mdl 2048] Black fights for an advantage.} 39. Rf3+ Ke6 {[#] And now ...c4 would win.} 40. g5 {dxe5 is the strong threat.} c4 (40... Rxb2 41. dxe5 Rd2 42. Kg3 $16) 41. g6 Rh8 42. g7 Rg8 43. dxc4 dxc4 44. Rxb3 (44. d5+ $1 $11 Kxd5 45. Rxb3 axb3 46. Nf5) 44... axb3 {KRN-KRN} 45. d5+ $1 Kf6 $1 46. Re4 $2 (46. Rc1 $15) 46... b5 $19 ({Weaker is} 46... Rxg7 47. Rxc4 Nc5 48. Rb4 $11) 47. a4 $2 (47. Re1 {is more resistant.}) 47... Nc5 48. Rg4 Rxg7 {Precision: White = 42%, Black = 63%.} 0-1

[Event "3rd GRENKE Chess Open 2018"]
[Site "Karlsruhe"]
[Date "2018.03.31"]
[Round "4"]
[White "Lerch, Patrice"]
[Black "Malakhatko, Vadim"]
[Result "1/2-1/2"]
[WhiteElo "2407"]
[BlackElo "2536"]
[Annotator "TA"]
[PlyCount "81"]
[EventDate "2018.??.??"]
[EventType "swiss"]
[EventCountry "GER"]
[SourceTitle "playchess.com"]
[Source "ChessBase"]
[SourceQuality "1"]

{[%evp 9,81,-25,17,-4,0,-13,16,10,52,14,24,14,29,0,2,-2,-5,-8,4,2,19,0,0,-7,6,-47,0,0,0,0,6,0,0,0,20,13,31,25,31,10,33,29,33,35,39,24,57,19,18,9,27,34,52,34,31,33,42,31,66,66,65,18,17,12,20,11,16,0,0,0,0,0,0,0]} 1. e4 e6 2. d4 d5 3. exd5 exd5 4. Bf4 Nf6 5. Nf3 Be7 6. Be2 {C01: French: Exchange Variation} (6. Bd3 O-O 7. O-O Bg4 8. Nbd2 c6 9. c3 Nbd7 10. h3 {½-½ (10) Mikrut,D (2404)-Gritsak,O (2497) Krakow 2017}) 6... O-O 7. O-O Nh5 8. Be3 $146 ({Predecessor:} 8. Bg3 Nd7 9. c4 Nxg3 10. fxg3 f6 11. cxd5 Nb6 12. Nc3 Bb4 13. Qb3 Bd6 14. Rae1 Bd7 {1-0 (27) Gatti,D (1440)-Campanella,N (1440) Erba 2015}) 8... g6 9. Nbd2 c6 10. c3 Bd6 11. Ne5 Ng7 12. Nd3 Qc7 13. g3 Bh3 14. Re1 Nd7 15. Bf4 Rae8 16. Qb3 b6 17. Qb4 (17. Rac1 $11) 17... Bxf4 (17... Ne5 $15 18. Qb3 (18. Bxe5 Rxe5 19. Qb3 Re7 $15) 18... Nxd3 19. Bxd6 Rxe2 20. Bxc7 Rxf2) 18. Nxf4 $11 Bf5 19. Bf1 Nf6 20. c4 g5 21. Ng2 dxc4 22. Nxc4 Nd5 (22... Bg6 {is interesting.} 23. Ne5 c5 24. Rac1 Qxe5 25. dxe5 cxb4 26. exf6 Rxe1 27. Rxe1 Ne8) 23. Qd2 f6 24. Nce3 Be4 25. Nxd5 cxd5 26. Re3 Qd6 27. Rae1 Re6 28. f3 Bg6 29. Kf2 Rfe8 30. Bb5 R8e7 31. Rc1 Be8 32. Rc8 Kf7 33. Bxe8+ Nxe8 34. Qc2 Kg7 35. Rc6 Qxc6 {The position is equal.} 36. Qxc6 Rxc6 37. Rxe7+ {KRN-KRN} Kf8 38. Rxh7 {Threatens to win with Ne3.} Rc2+ 39. Kf1 Rxb2 40. Rxa7 Rb1+ 41. Kf2 {Precision: White = 47%, Black = 57%.} 1/2-1/2

[Event "3rd GRENKE Chess Open 2018"]
[Site "Karlsruhe"]
[Date "2018.03.31"]
[Round "4"]
[White "Seyb, Alexander"]
[Black "Shirov, Alexei"]
[Result "1/2-1/2"]
[WhiteElo "2395"]
[BlackElo "2651"]
[Annotator "TA"]
[PlyCount "101"]
[EventDate "2018.??.??"]
[EventType "swiss"]
[EventCountry "GER"]
[SourceTitle "playchess.com"]
[Source "ChessBase"]
[SourceQuality "1"]

{[%evp 18,101,20,19,92,94,96,89,84,77,85,38,39,48,52,58,56,31,33,32,43,0,0,0,0,0,8,0,0,0,0,0,0,0,0,0,8,0,0,0,0,0,0,0,0,0,0,0,0,0,0,0,0,0,0,-8,0,-328,771,0,0,0,0,0,0,0,0,0,0,0,0,0,0,0,0,0,0,0,0,0,0,0,0,0,0,0]} 1. e4 e6 2. d4 d5 3. Nc3 Bb4 4. e5 c5 5. a3 Bxc3+ 6. bxc3 Qa5 7. Bd2 Qa4 8. Qg4 Kf8 9. Qd1 {C18: French: 3 Nc3 Bb4: Main line: 7 h4 and 7 Qg4} Ne7 10. Qb1 {LiveBook: 8 Games} cxd4 $146 (10... Qd7 $11) ({Predecessor:} 10... c4 11. h4 Nbc6 12. h5 h6 13. Rh4 Bd7 14. Qxb7 Rb8 15. Qxd7 {1-0 (15) Saric,I (2669)-Jarmula,L (2463) Katowice 2017}) 11. Bb5 $16 {White is better.} Qa5 12. cxd4 Qb6 13. Ne2 Nbc6 14. Bd3 Qxb1+ $1 15. Rxb1 f6 16. exf6 gxf6 17. c4 b6 18. cxd5 Nxd5 19. Nc3 Nxd4 20. Nxd5 exd5 21. Bc3 Bf5 22. Kd2 Bxd3 23. Kxd3 Ne6 24. Bxf6 Rg8 25. g3 Kf7 26. Bd4 h5 27. f3 Rac8 28. Rhc1 Rc4 29. Rxc4 dxc4+ $11 {[%mdl 4096] Endgame KRB-KRN} 30. Kc3 ({Don't play} 30. Kxc4 Rc8+ 31. Kd3 Rd8 $17) 30... Rd8 31. Be5 Rd5 32. f4 b5 33. a4 a6 34. axb5 axb5 35. Kc2 Kg6 36. h3 $1 Ng5 37. h4 $2 {[%mdl 8192] [#]} (37. fxg5 $11 {and White stays safe.} Rxe5 38. h4) 37... Rxe5 $4 {[%mdl 8192]} (37... Ne4 $19 38. Bc3 Kf5) 38. fxg5 $2 $19 {KR-KR} (38. fxe5 $18 Nf3 39. Kc3) 38... Kf5 {The position is equal.} 39. Rf1+ Kg4 40. g6 {[#] And now g7 would win.} Re6 41. g7 Rg6 42. Rb1 b4 43. Rxb4 Kxg3 44. Rxc4 Rxg7 45. Kd2 Re7 46. Ra4 Re5 47. Rb4 Kf3 48. Ra4 Re2+ 49. Kd3 Rh2 50. Rb4 Ra2 51. Rb5 {Precision: White = 67%, Black = 65%.} 1/2-1/2